[Event "Tenerife-chT Segunda 1920"]
[Site "Tenerife"]
[Date "2019.12.14"]
[Round "2.2"]
[White "Gonzalez Miranda, Alejandro"]
[Black "Foldes, Marius"]
[Result "0-1"]
[WhiteElo "1328"]
[BlackElo "1456"]
[PlyCount "72"]
[EventDate "2019.11.30"]
[EventType "team-tourn"]
[EventRounds "14"]
[EventCountry "ESP"]
[SourceTitle "CBM 195 Extra"]
[Source "ChessBase"]
[SourceDate "2020.05.31"]
[SourceVersion "1"]
[SourceVersionDate "2020.05.31"]
[SourceQuality "1"]
[WhiteTeam "Santa Ursula Badnor"]
[BlackTeam "Laguna Cotelec II"]
[WhiteTeamCountry "ESP"]
[BlackTeamCountry "ESP"]

1. e4 e5 2. Nf3 Nc6 3. Bc4 Nf6 4. d3 Bc5 5. c3 d6 6. 0-0 Bg4 7. Bg5 h6 8. Bh4 0-0 9. Nbd2 a6 10. h3 Bh5 11. a4 Na5 12. Ba2 Nc6 13. b4 Bb6 14. a5 Ba7 15. Qb3 Nb8 16. Rfe1 Nbd7 17. d4 exd4 18. cxd4 g5 19. Bg3 Re8 20. Rac1 c6 21. e5 dxe5 22. dxe5 Nd5 23. Qd3 Nxb4 24. Qc4 Nxa2 25. Qxa2 Qe7 26. Nc4 Bxf3 27. gxf3 Qe6 28. Kg2 Rad8 29. Qe2 Nc5 30. Nd6 Rxd6 31. f4 Rd7 32. Rcd1 Red8 33. fxg5 hxg5 34. Qh5 Rxd1 35. Rxd1 Rxd1 36. Qxd1 Qd5+ 0-1

[Event "Tenerife-chT Preferente 1819"]
[Site "Tenerife"]
[Date "2019.03.30"]
[Round "12.4"]
[White "Foldes, Marius"]
[Black "Guillermo Gonzalez, Alvaro"]
[Result "0-1"]
[WhiteElo "1395"]
[BlackElo "1956"]
[PlyCount "120"]
[EventDate "2018.11.24"]
[EventType "team-tourn"]
[EventRounds "14"]
[EventCountry "ESP"]
[SourceTitle "CBM 189 Extra"]
[Source "ChessBase"]
[SourceDate "2019.06.03"]
[SourceVersion "1"]
[SourceVersionDate "2019.06.03"]
[SourceQuality "1"]
[WhiteTeam "Laguna Cotelec"]
[BlackTeam "Fundacion La Caja de Canarias"]
[WhiteTeamCountry "ESP"]
[BlackTeamCountry "ESP"]

1. e4 c5 2. Nf3 d6 3. d4 cxd4 4. Nxd4 Nf6 5. Nc3 a6 6. Be3 e6 7. Be2 Be7 8. 0-0 Qc7 9. f4 b5 10. a3 Bb7 11. Bf3 0-0 12. Qe1 Nbd7 13. Qg3 Nc5 14. e5 Nfe4 15. Nxe4 Nxe4 16. Bxe4 Bxe4 17. c3 dxe5 18. fxe5 Rad8 19. Bh6 Bg6 20. Bg5 Bxg5 21. Qxg5 Rd5 22. Rae1 Qc5 23. Kh1 a5 24. Rf3 b4 25. axb4 axb4 26. h4 h6 27. Qg3 Qb6 28. Qg4 bxc3 29. bxc3 h5 30. Qg3 Rc8 31. Ne2 Rdc5 32. Nf4 Kh7 33. Ree3 Rc4 34. Qg5 Qb1+ 35. Kh2 Qf5 36. Qxf5 Bxf5 37. Kg3 Bg4 38. Rf1 Rxc3 39. Rfe1 R8c4 40. Nd3 Ra4 41. Nf2 Rcc4 42. Re4 Bf5 43. Rxc4 Rxc4 44. Re3 Kh6 45. Nh3 Rg4+ 46. Kf3 Rxh4 47. Nf4 g5 48. Ne2 Rc4 49. Ng3 g4+ 50. Kf2 Kg5 51. Ne2 h4 52. Kg1 Ra4 53. Kh2 g3+ 54. Nxg3 hxg3+ 55. Kxg3 Re4 56. Rxe4 Bxe4 57. Kh3 Kf4 58. g4 Kxe5 59. Kh4 Kd4 60. g5 Bg6 0-1

[Event "Tenerife-chT Segunda 1718"]
[Site "Tenerife"]
[Date "2018.02.10"]
[Round "9.2"]
[White "Foldes, Marius"]
[Black "Riverol Plasencia, Jorge"]
[Result "1-0"]
[WhiteElo "1250"]
[BlackElo "1659"]
[PlyCount "73"]
[EventDate "2017.11.11"]
[EventType "team-tourn"]
[EventRounds "14"]
[EventCountry "ESP"]
[SourceTitle "EXT 2019"]
[Source "ChessBase"]
[SourceDate "2018.10.10"]
[SourceVersion "1"]
[SourceVersionDate "2018.10.10"]
[SourceQuality "1"]
[WhiteTeam "Laguna Cotolec"]
[BlackTeam "Circulo de Amistad XII Enero"]
[WhiteTeamCountry "ESP"]
[BlackTeamCountry "ESP"]

1. e4 e6 2. d4 d5 3. exd5 exd5 4. Nc3 c6 5. Bf4 Bf5 6. Bd3 Bxd3 7. Qxd3 Bd6 8. Bxd6 Qxd6 9. 0-0-0 Nd7 10. Re1+ Ne7 11. Qe3 Nf6 12. h3 Kd7 13. Nf3 Ng6 14. Ne5+ Kc7 15. Nxf7 Qd7 16. Nxh8 Rxh8 17. Re2 Re8 18. Qg3+ Kc8 19. Rxe8+ Qxe8 20. Qe3 Qxe3+ 21. fxe3 Kd7 22. g3 Ne7 23. Rf1 Ke6 24. Kd2 h6 25. g4 Nc8 26. Rf5 Nd6 27. Re5+ Kf7 28. Kd3 Nc4 29. Rf5 Nxb2+ 30. Ke2 Nc4 31. e4 Ke7 32. exd5 Nxd5 33. Nxd5+ cxd5 34. Rxd5 Ke6 35. Rc5 Nd6 36. Ra5 a6 37. Kd3 1-0

[Event "Tenerife-chT Segunda 1718"]
[Site "Tenerife"]
[Date "2018.01.27"]
[Round "8.1"]
[White "Foldes, Marius"]
[Black "Brito Rodriguez, Cristian"]
[Result "0-1"]
[WhiteElo "1250"]
[BlackElo "1602"]
[PlyCount "96"]
[EventDate "2017.11.11"]
[EventType "team-tourn"]
[EventRounds "14"]
[EventCountry "ESP"]
[SourceTitle "EXT 2019"]
[Source "ChessBase"]
[SourceDate "2018.10.10"]
[SourceVersion "1"]
[SourceVersionDate "2018.10.10"]
[SourceQuality "1"]
[WhiteTeam "Laguna Cotolec"]
[BlackTeam "Benito"]
[WhiteTeamCountry "ESP"]
[BlackTeamCountry "ESP"]

1. e4 e6 2. d4 d5 3. e5 c5 4. c3 Qb6 5. Be2 Nc6 6. Nf3 Nge7 7. Na3 cxd4 8. cxd4 Nf5 9. Nc2 Be7 10. b3 0-0 11. 0-0 f6 12. Bb2 Bd7 13. Qd2 a5 14. Ne3 Nxe3 15. Qxe3 a4 16. Rfd1 Rfc8 17. Rac1 Nb4 18. Ba3 axb3 19. Rxc8+ Rxc8 20. Qxb3 Qa5 21. Bxb4 Qxb4 22. Qxb4 Bxb4 23. Rb1 Bf8 24. Rxb7 Rc1+ 25. Bf1 Ba4 26. Rb2 Ba3 27. Rb8+ Bf8 28. g3 Bd1 29. Nd2 Rc2 30. Nb1 Rxa2 31. Nc3 Rd2 32. Ba6 Rxd4 33. Bc8 Kf7 34. exf6 gxf6 35. Bxe6+ Kxe6 36. Rxf8 Bf3 37. Re8+ Kd7 38. Re3 Bh5 39. Kg2 Rd2 40. Re1 Kd6 41. Ra1 Rc2 42. Nd1 d4 43. h3 Rd2 44. g4 Bf7 45. Rb1 Ba2 46. Rb2 Bd5+ 47. Kg3 Rxd1 48. Rb6+ Ke7 0-1

[Event "Tenerife-chT Primera 1718"]
[Site "Tenerife"]
[Date "2017.12.16"]
[Round "5.3"]
[White "Foldes, Marius"]
[Black "Perez Garcia, Saul"]
[Result "1-0"]
[WhiteElo "1250"]
[BlackElo "1767"]
[PlyCount "75"]
[EventDate "2017.11.11"]
[EventType "team-tourn"]
[EventRounds "14"]
[EventCountry "ESP"]
[SourceTitle "CBM 187 Extra"]
[Source "ChessBase"]
[SourceDate "2018.11.04"]
[SourceVersion "1"]
[SourceVersionDate "2018.11.04"]
[SourceQuality "1"]
[WhiteTeam "Laguna Cotelec III"]
[BlackTeam "Ebano Casa Venezuela III"]
[WhiteTeamCountry "ESP"]
[BlackTeamCountry "ESP"]

1. e4 c5 2. Nf3 a6 3. d4 cxd4 4. Nxd4 Nf6 5. Nc3 e5 6. Nf3 Bb4 7. Bd2 d6 8. Bd3 0-0 9. 0-0 Nbd7 10. a3 Bc5 11. Bg5 Qc7 12. Nd5 Nxd5 13. exd5 f5 14. Be2 b5 15. b4 Bb6 16. Rc1 h6 17. Be3 Bxe3 18. fxe3 Qb6 19. Qd2 f4 20. Kh1 fxe3 21. Qc3 Bb7 22. Qd3 Nf6 23. Nh4 Bxd5 24. Rxf6 Bxg2+ 25. Nxg2 Rxf6 26. Qd5+ Kh7 27. Qxa8 Qd4 28. Bd3+ g6 29. Qe4 Qc3 30. Qxe3 Qxa3 31. Bxg6+ Rxg6 32. Qxa3 d5 33. Qd3 Kg7 34. Qxd5 Rg5 35. Re1 Kf6 36. Rf1+ Rf5 37. Rxf5+ Kxf5 38. Nh4+ 1-0

[Event "Tenerife-chT Segunda 1718"]
[Site "Tenerife"]
[Date "2017.11.18"]
[Round "2.1"]
[White "Foldes, Marius"]
[Black "Riverol Plasencia, Jorge"]
[Result "1-0"]
[WhiteElo "1250"]
[BlackElo "1659"]
[PlyCount "67"]
[EventDate "2017.11.11"]
[EventType "team-tourn"]
[EventRounds "14"]
[EventCountry "ESP"]
[SourceTitle "EXT 2019"]
[Source "ChessBase"]
[SourceDate "2018.10.10"]
[SourceVersion "1"]
[SourceVersionDate "2018.10.10"]
[SourceQuality "1"]
[WhiteTeam "Laguna Cotolec"]
[BlackTeam "Circulo de Amistad XII Enero"]
[WhiteTeamCountry "ESP"]
[BlackTeamCountry "ESP"]

1. e4 e6 2. Nc3 d5 3. exd5 exd5 4. d4 c6 5. Nf3 Bd6 6. Bd3 Ne7 7. 0-0 Nd7 8. Ne2 Qc7 9. Bg5 Nf6 10. Bxf6 gxf6 11. Ng3 Bg4 12. h3 Bxh3 13. gxh3 Bxg3 14. fxg3 Qxg3+ 15. Kh1 Qxh3+ 16. Nh2 0-0-0 17. Qg4+ Qxg4 18. Nxg4 f5 19. Bxf5+ Nxf5 20. Rxf5 Rhg8 21. Ne5 Rd6 22. Nxf7 Re6 23. Re5 Rf6 24. Re7 Rf4 25. Nd6+ Kd8 26. Rxh7 Rfg4 27. Nxb7+ Kc8 28. Nd6+ Kb8 29. c3 R8g6 30. Re1 Rg8 31. Nf5 R4g5 32. Ne7 Rf8 33. Nxc6+ Kc8 34. Ree7 1-0

[Event "Tenerife-chT Primera 1617"]
[Site "Tenerife"]
[Date "2017.04.29"]
[Round "13.3"]
[White "Foldes, Marius"]
[Black "Ramirez Carrasco, Antonio"]
[Result "0-1"]
[WhiteElo "1205"]
[BlackElo "1795"]
[PlyCount "49"]
[EventDate "2016.12.10"]
[EventType "team-tourn"]
[EventRounds "14"]
[EventCountry "ESP"]
[SourceTitle "EXT 2018"]
[Source "ChessBase"]
[SourceDate "2017.10.13"]
[SourceVersion "1"]
[SourceVersionDate "2017.10.13"]
[SourceQuality "1"]
[WhiteTeam "Laguna Cotelec II"]
[BlackTeam "El Sauzal II"]
[WhiteTeamCountry "ESP"]
[BlackTeamCountry "ESP"]

1. e4 e5 2. Nf3 Nc6 3. d4 exd4 4. Nxd4 Bc5 5. Be3 Qf6 6. c3 Nge7 7. Bb5 0-0 8. 0-0 Bb6 9. Na3 d5 10. Bxc6 bxc6 11. exd5 cxd5 12. Nac2 Bb7 13. Qd2 h6 14. Rfe1 c5 15. Nf3 Rad8 16. Qe2 Rfe8 17. Nd2 Qg6 18. Nf3 Nf5 19. Qd3 d4 20. Bd2 c4 21. Qxc4 Bxf3 22. g3 dxc3 23. Bxc3 Nxg3 24. Ne3 Ne2+ 25. Kf1 0-1

[Event "Tenerife-chT Segunda 1617"]
[Site "Tenerife"]
[Date "2017.03.18"]
[Round "9.1"]
[White "Foldes, Marius"]
[Black "Quesada Ventura, Giovanni"]
[Result "0-1"]
[WhiteElo "1205"]
[BlackElo "1700"]
[PlyCount "112"]
[EventDate "2016.12.10"]
[EventType "team-tourn"]
[EventRounds "15"]
[EventCountry "ESP"]
[SourceTitle "EXT 2018"]
[Source "ChessBase"]
[SourceDate "2017.10.13"]
[SourceVersion "1"]
[SourceVersionDate "2017.10.13"]
[SourceQuality "1"]
[WhiteTeam "Laguna Cotelec III"]
[BlackTeam "Al Shah Mat Los Realejos II"]
[WhiteTeamCountry "ESP"]
[BlackTeamCountry "ESP"]

1. e4 c6 2. Nc3 d5 3. d4 e6 4. Nf3 Nf6 5. Bd3 Bb4 6. Bg5 dxe4 7. Bxe4 Bxc3+ 8. bxc3 Qa5 9. Bxf6 Qxc3+ 10. Ke2 gxf6 11. Qd2 Qxd2+ 12. Nxd2 e5 13. Nf3 Bg4 14. dxe5 fxe5 15. h3 Bxf3+ 16. Kxf3 Nd7 17. Rab1 0-0-0 18. Bf5 Kc7 19. Rb2 h6 20. Rhb1 Nc5 21. Ke3 Rhg8 22. g4 Rg5 23. h4 Rgg8 24. c3 b6 25. a3 Na4 26. Rb3 Rd6 27. c4 Rgd8 28. Rb4 Nc5 29. a4 Na6 30. R4b2 Rd4 31. a5 Rb8 32. axb6+ Rxb6 33. Rxb6 axb6 34. Ra1 Kb7 35. Rc1 Nc5 36. f3 Na4 37. Ke2 Nb2 38. c5 b5 39. Be4 Na4 40. Bd3 b4 41. Bc4 f6 42. Bb3 Nc3+ 43. Ke3 Ka6 44. Rf1 Kb5 45. f4 Nd5+ 46. Bxd5 Rxd5 47. fxe5 Rxe5+ 48. Kd4 Rxc5 49. Rxf6 Rc4+ 50. Kd3 Rxg4 51. Rxh6 Rg3+ 52. Kc2 c5 53. Rh8 Kc4 54. h5 b3+ 55. Kb2 Rg2+ 56. Kb1 Kc3 0-1

[Event "Santa Cruz de Tenerife op"]
[Site "Santa Cruz de Tenerife"]
[Date "2016.08.25"]
[Round "9"]
[White "Foldes, Marius"]
[Black "Quesada Ventura, Giovanni"]
[Result "1/2-1/2"]
[WhiteElo "1202"]
[BlackElo "1876"]
[PlyCount "62"]
[EventDate "2016.08.08"]
[EventType "swiss"]
[EventRounds "9"]
[EventCountry "ESP"]
[SourceTitle "CBM 174 Extra"]
[Source "ChessBase"]
[SourceDate "2016.10.10"]
[SourceVersion "1"]
[SourceVersionDate "2016.10.10"]
[SourceQuality "1"]

1. e4 e5 2. Nf3 d6 3. d4 exd4 4. Nxd4 Nf6 5. Nc3 Be7 6. Bd3 0-0 7. Be3 Nbd7 8. Qe2 Ne5 9. 0-0-0 c5 10. Nf3 h6 11. Nxe5 dxe5 12. Bc4 Qc7 13. f3 a6 14. g4 b5 15. Bd5 Bb7 16. Bxb7 Qxb7 17. h4 b4 18. Nb1 Nh7 19. g5 hxg5 20. hxg5 Nxg5 21. Bxg5 f6 22. Qg2 fxg5 23. Qg4 Qc6 24. Qh5 Qf6 25. Qh7+ Kf7 26. Qh5+ g6 27. Qg4 Qf4+ 28. Nd2 Qxg4 29. fxg4 Rad8 30. Nc4 Rxd1+ 31. Rxd1 Ke6 1/2-1/2

[Event "Tenerife-chT Primera 1516"]
[Site "Tenerife"]
[Date "2016.03.12"]
[Round "10.4"]
[White "Febles Dominguez, Alfonso Jesus"]
[Black "Foldes, Marius"]
[Result "1-0"]
[WhiteElo "1351"]
[BlackElo "1101"]
[PlyCount "61"]
[EventDate "2015.12.12"]
[EventType "team-tourn"]
[EventRounds "14"]
[EventCountry "ESP"]
[SourceTitle "EXT 2017"]
[Source "ChessBase"]
[SourceDate "2016.10.25"]
[SourceVersion "1"]
[SourceVersionDate "2016.10.25"]
[SourceQuality "1"]
[WhiteTeam "Circulo de Amistad"]
[BlackTeam "Laguna Cotelec II"]
[WhiteTeamCountry "ESP"]
[BlackTeamCountry "ESP"]

1. c4 e5 2. Nc3 Nf6 3. g3 d5 4. cxd5 Nxd5 5. Bg2 Be6 6. Nf3 Bd6 7. 0-0 0-0 8. d3 Nd7 9. Ng5 Nxc3 10. bxc3 c6 11. Be4 h6 12. Nxe6 fxe6 13. f4 exf4 14. Bxf4 Bxf4 15. gxf4 Rxf4 16. Rxf4 Qg5+ 17. Kh1 Qxf4 18. Qb3 Qc7 19. Qxe6+ Kh8 20. Qe7 Rf8 21. Rg1 Rg8 22. Qf7 Qd8 23. Rg6 Qh4 24. Qxd7 Qe1+ 25. Rg1 Qxe2 26. Qf5 g6 27. Qf6+ Rg7 28. Bxg6 Qxa2 29. c4 b5 30. Qf8+ Rg8 31. Qxh6# 1-0

[Event "Santa Cruz de Tenerife-ch U18"]
[Site "Santa Cruz de Tenerife"]
[Date "2016.01.15"]
[Round "1.6"]
[White "Perez Garcia, Saul"]
[Black "Foldes, Marius"]
[Result "1-0"]
[WhiteElo "1596"]
[BlackElo "1153"]
[PlyCount "67"]
[EventDate "2016.01.15"]
[EventType "swiss"]
[EventRounds "7"]
[EventCountry "ESP"]
[SourceTitle "EXT 2024"]
[Source "ChessBase"]
[SourceDate "2023.10.10"]
[SourceVersion "1"]
[SourceVersionDate "2023.10.10"]
[SourceQuality "1"]

1. d4 d5 2. c4 c6 3. Nc3 e6 4. cxd5 exd5 5. Qc2 Nf6 6. Bg5 h6 7. Bh4 Bb4 8. e3 0-0 9. Bd3 Kh8 10. Nf3 Bg4 11. Ne5 Be6 12. 0-0 Bd6 13. h3 Nbd7 14. Nxd7 Bxd7 15. Rab1 Be7 16. b4 Ng4 17. Bxe7 Nxe3 18. Bxd8 Nxc2 19. Be7 Rfe8 20. Bc5 Na3 21. Rbe1 Re6 22. b5 Nxb5 23. Bxb5 cxb5 24. Nxd5 Rxe1 25. Rxe1 b6 26. Bd6 Rd8 27. Bc7 Rc8 28. Re7 Be6 29. Nb4 a5 30. d5 axb4 31. dxe6 fxe6 32. Bxb6 Rc1+ 33. Kh2 Rc2 34. Ra7 1-0

[Event "Santa Cruz de Tenerife op 26th"]
[Site "Santa Cruz de Tenerife"]
[Date "2015.12.28"]
[Round "8"]
[White "Foldes, Marius"]
[Black "Perez Garcia, Jimena"]
[Result "0-1"]
[WhiteElo "1101"]
[BlackElo "1350"]
[PlyCount "56"]
[EventDate "2015.12.15"]
[EventType "swiss"]
[EventRounds "9"]
[EventCountry "ESP"]
[SourceTitle "CBM 170 Extra"]
[Source "ChessBase"]
[SourceDate "2016.02.25"]
[SourceVersion "1"]
[SourceVersionDate "2016.02.25"]
[SourceQuality "1"]

1. e4 c5 2. Nf3 d6 3. d4 cxd4 4. Nxd4 Nf6 5. Nc3 a6 6. Be3 e5 7. Nf3 Be7 8. Bc4 0-0 9. Bg5 Nc6 10. 0-0 Bg4 11. h3 Bxf3 12. Qxf3 Nd4 13. Qd3 b5 14. Bxf6 Bxf6 15. Bd5 Rb8 16. Ne2 Nxe2+ 17. Qxe2 Qc7 18. c3 Qc5 19. Rac1 Bg5 20. Rc2 Rfc8 21. Qh5 h6 22. Qxf7+ Kh8 23. Qh5 Rf8 24. Qe2 Rf6 25. g3 Rg6 26. Qh5 Kh7 27. Bf7 Rf6 28. Bg6+ Rxg6 0-1

[Event "Santa Cruz de Tenerife op 26th"]
[Site "Santa Cruz de Tenerife"]
[Date "2015.12.23"]
[Round "7"]
[White "Mamani Beltran, Daniel"]
[Black "Foldes, Marius"]
[Result "0-1"]
[WhiteElo "1094"]
[BlackElo "1101"]
[PlyCount "83"]
[EventDate "2015.12.15"]
[EventType "swiss"]
[EventRounds "9"]
[EventCountry "ESP"]
[SourceTitle "CBM 170 Extra"]
[Source "ChessBase"]
[SourceDate "2016.02.25"]
[SourceVersion "1"]
[SourceVersionDate "2016.02.25"]
[SourceQuality "1"]

1. d4 d5 2. Bg5 Nd7 3. Nc3 Ngf6 4. Nf3 h6 5. Bh4 Nb6 6. e3 Bg4 7. Bb5+ c6 8. Be2 e6 9. Ne5 Bxe2 10. Qxe2 Bb4 11. 0-0 Bxc3 12. bxc3 Qc7 13. Bg3 Ne4 14. Qf3 Nd2 15. Qg4 Nxf1 16. Rxf1 g6 17. Nxg6 Qd7 18. Nxh8 Qe7 19. Bh4 Qf8 20. Bf6 Nd7 21. Bg7 Qg8 22. Qg3 Ke7 23. Qh4+ f6 24. Ng6+ Kf7 25. Qxh6 Qxg7 26. Qxg7+ Kxg7 27. Nf4 e5 28. dxe5 fxe5 29. Ne6+ Kf6 30. Ng5 Kxg5 31. f4+ exf4 32. Rxf4 Ne5 33. h4+ Kg6 34. Kf2 Rh8 35. g3 Rh5 36. e4 dxe4 37. Rxe4 Kf5 38. Rb4 b6 39. Kg2 c5 40. Rc4 Nxc4 41. Kh3 Ne3 42. a4 0-1

[Event "Santa Cruz de Tenerife op 26th"]
[Site "Santa Cruz de Tenerife"]
[Date "2015.12.17"]
[Round "3"]
[White "Rodriguez Redondo, Adhara"]
[Black "Foldes, Marius"]
[Result "1-0"]
[WhiteElo "1675"]
[BlackElo "1101"]
[PlyCount "49"]
[EventDate "2015.12.15"]
[EventType "swiss"]
[EventRounds "9"]
[EventCountry "ESP"]
[SourceTitle "CBM 170 Extra"]
[Source "ChessBase"]
[SourceDate "2016.02.25"]
[SourceVersion "1"]
[SourceVersionDate "2016.02.25"]
[SourceQuality "1"]

1. e4 e5 2. Nf3 Nc6 3. Bc4 Nf6 4. d3 d5 5. exd5 Nxd5 6. 0-0 Bg4 7. c3 Bc5 8. Re1 0-0 9. h3 Bxf3 10. Qxf3 Nf6 11. Bg5 Be7 12. Nd2 Ne4 13. Qxe4 Bxg5 14. Nf3 Bf6 15. Rad1 Re8 16. Bb3 Qd7 17. Bc2 g6 18. h4 h5 19. Bb3 Rad8 20. Qxg6+ Bg7 21. Qxh5 Kf8 22. Ng5 Re7 23. Qf3 Qe8 24. Qg3 Rdd7 25. Nh7+ 1-0

[Event "Tenerife Autumn op"]
[Site "Tenerife"]
[Date "2015.10.28"]
[Round "8"]
[White "Foldes, Marius"]
[Black "Diaz Reyes, Franklin"]
[Result "0-1"]
[WhiteElo "1103"]
[BlackElo "1289"]
[PlyCount "84"]
[EventDate "2015.10.14"]
[EventType "swiss"]
[EventRounds "9"]
[EventCountry "ESP"]
[SourceTitle "CBM 169 Extra"]
[Source "ChessBase"]
[SourceDate "2015.12.18"]
[SourceVersion "1"]
[SourceVersionDate "2015.12.18"]
[SourceQuality "1"]

1. e4 d5 2. exd5 Qxd5 3. Nc3 Qa5 4. d4 Nf6 5. Bd2 c6 6. Nf3 Bf5 7. Be2 e6 8. 0-0 Be7 9. a3 Qc7 10. Re1 0-0 11. Ng5 Bd6 12. g3 h6 13. Nf3 Bh3 14. Bd3 c5 15. Be3 Ng4 16. dxc5 Bxc5 17. Bxc5 Qxc5 18. Qd2 Nc6 19. b4 Qb6 20. Bf1 Bxf1 21. Rxf1 Rfd8 22. Qe2 Nd4 23. Nxd4 Qxd4 24. Ra2 Qxc3 25. Qxg4 Rd4 26. Qe2 Qc4 27. Qxc4 Rxc4 28. Rd1 Rac8 29. Rd7 R8c7 30. Rd8+ Kh7 31. Ra8 a6 32. Rb8 f6 33. Kf1 e5 34. Ke1 Rxc2 35. Rxc2 Rxc2 36. Rxb7 Ra2 37. Ra7 Rxa3 38. b5 a5 39. b6 Rb3 40. b7 a4 41. Kd2 a3 42. Kc2 Rb6 0-1

[Event "Tenerife Autumn op"]
[Site "Tenerife"]
[Date "2015.10.26"]
[Round "7"]
[White "Nuevo Cabezas, Antonio"]
[Black "Foldes, Marius"]
[Result "1-0"]
[WhiteElo "1296"]
[BlackElo "1103"]
[PlyCount "79"]
[EventDate "2015.10.14"]
[EventType "swiss"]
[EventRounds "9"]
[EventCountry "ESP"]
[SourceTitle "CBM 169 Extra"]
[Source "ChessBase"]
[SourceDate "2015.12.18"]
[SourceVersion "1"]
[SourceVersionDate "2015.12.18"]
[SourceQuality "1"]

1. e4 e5 2. Nf3 Nc6 3. a3 a5 4. Bc4 Nf6 5. d3 d5 6. exd5 Nxd5 7. Bxd5 Qxd5 8. Nc3 Qd8 9. Be3 Bg4 10. h3 Bh5 11. g4 Bg6 12. Qe2 Bd6 13. 0-0-0 0-0 14. h4 f6 15. h5 Bf7 16. Nh4 Re8 17. Rdg1 Nd4 18. Qd1 Ne6 19. g5 fxg5 20. Nf3 Be7 21. Nd2 h6 22. Nde4 Nf4 23. Kb1 Bxh5 24. Rxh5 Nxh5 25. Qxh5 Qd7 26. Qg6 Rf8 27. Ne2 Ra6 28. Qh5 Qb5 29. Ka2 a4 30. N2c3 Qc6 31. Nd2 Qe6+ 32. Ka1 Qf7 33. Qg4 Rfa8 34. Qe4 c6 35. Qxe5 Re8 36. Qc7 Bf6 37. Qxf7+ Kxf7 38. Nde4 Ra5 39. f4 gxf4 40. Bxf4 1-0

[Event "Tenerife Autumn op"]
[Site "Tenerife"]
[Date "2015.10.14"]
[Round "1"]
[White "Foldes, Marius"]
[Black "Perez Perez, Gabriel"]
[Result "0-1"]
[WhiteElo "1103"]
[BlackElo "1801"]
[PlyCount "54"]
[EventDate "2015.10.14"]
[EventType "swiss"]
[EventRounds "9"]
[EventCountry "ESP"]
[SourceTitle "CBM 169 Extra"]
[Source "ChessBase"]
[SourceDate "2015.12.18"]
[SourceVersion "1"]
[SourceVersionDate "2015.12.18"]
[SourceQuality "1"]

1. e4 c5 2. Nf3 Nc6 3. d4 cxd4 4. Nxd4 e6 5. c4 Qc7 6. Be3 a6 7. b3 Nf6 8. Nd2 Bb4 9. Bd3 Bc3 10. Rc1 Bxd4 11. Bxd4 Nxd4 12. 0-0 0-0 13. Nf3 Nxf3+ 14. Qxf3 d6 15. Qh3 e5 16. Qg3 Nh5 17. Qg5 Nf4 18. Rcd1 Be6 19. Rd2 Rad8 20. Bc2 h6 21. Qg3 Qe7 22. Rfd1 Rd7 23. Qf3 Rfd8 24. h3 Qg5 25. Kf1 Qh5 26. Qg3 Qg5 27. Qf3 h5 0-1

[Event "Tenerife Verano op"]
[Site "Tenerife"]
[Date "2015.08.26"]
[Round "8"]
[White "Foldes, Marius"]
[Black "Diaz Reyes, Killian"]
[Result "0-1"]
[WhiteElo "1159"]
[BlackElo "1144"]
[PlyCount "54"]
[EventDate "2015.08.10"]
[EventType "swiss"]
[EventRounds "9"]
[EventCountry "ESP"]
[SourceTitle "EXT 2016"]
[Source "ChessBase"]
[SourceDate "2015.10.08"]
[SourceVersion "1"]
[SourceVersionDate "2015.10.08"]
[SourceQuality "1"]

1. e4 d5 2. exd5 Qxd5 3. Nc3 Qa5 4. Nf3 Nf6 5. d4 Bg4 6. Bd2 c6 7. Nb5 Qb6 8. Nc3 Bxf3 9. Qxf3 Qxd4 10. 0-0-0 Qg4 11. Qd3 Nbd7 12. Be2 Qxg2 13. Rhg1 Qxf2 14. Bg5 0-0-0 15. Bg4 Nxg4 16. Rxg4 Qxh2 17. Rd4 Qc7 18. Bf4 e5 19. Bxe5 Qxe5 20. Rxd7 Be7 21. Ne2 Qe6 22. Rxd8+ Rxd8 23. Qf3 Bg5+ 24. Nf4 Bxf4+ 25. Qxf4 Qh6 26. Qxh6 Rxd1+ 27. Kxd1 gxh6 0-1

[Event "Tenerife Verano op"]
[Site "Tenerife"]
[Date "2015.08.19"]
[Round "5"]
[White "Marin Dorta, Alejandro"]
[Black "Foldes, Marius"]
[Result "1-0"]
[WhiteElo "1184"]
[BlackElo "1159"]
[PlyCount "89"]
[EventDate "2015.08.10"]
[EventType "swiss"]
[EventRounds "9"]
[EventCountry "ESP"]
[SourceTitle "EXT 2016"]
[Source "ChessBase"]
[SourceDate "2015.10.08"]
[SourceVersion "1"]
[SourceVersionDate "2015.10.08"]
[SourceQuality "1"]

1. e4 e5 2. Nf3 Nc6 3. d4 exd4 4. Bc4 f6 5. 0-0 Bc5 6. c3 dxc3 7. Bxg8 Rxg8 8. Qd5 Rf8 9. Qxc5 cxb2 10. Bxb2 b6 11. Qc1 Ba6 12. Re1 Nb4 13. Qd2 c5 14. e5 Kf7 15. exf6 gxf6 16. a3 Nd3 17. Re3 Re8 18. Rxd3 Bxd3 19. Qxd3 Qe7 20. Qxh7+ Kf8 21. Qxe7+ Rxe7 22. h3 Re6 23. Nc3 Rd8 24. Re1 Rxe1+ 25. Nxe1 d5 26. Nb5 a6 27. Nc7 Rd7 28. Nxa6 Rb7 29. Bxf6 d4 30. g4 Ra7 31. Nb8 Rxa3 32. h4 d3 33. Bg5 Ra1 34. Kf1 c4 35. Nd7+ Kg8 36. Nxb6 c3 37. Nc4 c2 38. Nb2 c1Q 39. Bxc1 Rxc1 40. Nbxd3 Rc4 41. f3 Kg7 42. Kg2 Kh6 43. Kg3 Ra4 44. g5+ Kh5 45. Nf4+ 1-0

[Event "Tenerife Verano op"]
[Site "Tenerife"]
[Date "2015.08.13"]
[Round "3"]
[White "Garcia Lorenzo, Jaime"]
[Black "Foldes, Marius"]
[Result "1-0"]
[WhiteElo "1270"]
[BlackElo "1159"]
[PlyCount "75"]
[EventDate "2015.08.10"]
[EventType "swiss"]
[EventRounds "9"]
[EventCountry "ESP"]
[SourceTitle "EXT 2016"]
[Source "ChessBase"]
[SourceDate "2015.10.08"]
[SourceVersion "1"]
[SourceVersionDate "2015.10.08"]
[SourceQuality "1"]

1. d4 d5 2. Nf3 e6 3. Bf4 Nf6 4. e3 Bd6 5. Ne5 0-0 6. Bd3 Ne4 7. Bxe4 dxe4 8. Qg4 Bxe5 9. dxe5 Kh8 10. Nd2 Qe7 11. Nxe4 Qb4+ 12. Nd2 Rd8 13. e4 Qxb2 14. 0-0 Qxc2 15. Qg5 Nc6 16. Rfc1 Qd3 17. h4 Re8 18. Qh5 Rf8 19. Nf3 h6 20. Ng5 Qd7 21. Be3 f5 22. Bc5 Rg8 23. Nf7+ Kh7 24. Be3 Nd4 25. Kh2 Rf8 26. Nxh6 gxh6 27. Qxh6+ Kg8 28. Rc3 Rf7 29. Bxd4 Rh7 30. Rg3+ Rg7 31. Rg5 Rxg5 32. Qxg5+ Kh8 33. Rd1 c5 34. Qf6+ Kh7 35. exf5 cxd4 36. Qg6+ Kh8 37. f6 Qh7 38. Qe8+ 1-0